II. Meşrutiyet döneminde siyasal muhalefet (Record no. 8316)

MARC details
000 -BAŞLIK
Sabit Uzunlukta Kontrol Alanı 00940na a2200289 4500
001 - KONTROL NUMARASI
Denetim Alanı 15124
003 - KONTROL NUMARASI IDENTIFIER
Denetim Alanı MIRAKIL
005 - SON İŞLEM TARİHİ VE ZAMANI
Denetim Alanı 20181213155207.0
008 - SABİT-BOY VERİ ELEMANLARI - GENEL BİLGİLER
Sabit Uzunlukta Kontrol Alanı 161025b tu 000 0
020 ## - ULUSLARARASI STANDART KİTAP NUMARASI
Uluslararası Standart Kitap Numarası 9756223022
035 ## - SİSTEM KONTROL NUMARASI
Sistem Kontrol Numarası 15124
040 ## - KATALOGLAMA KAYNAK
Orijinal Kataloglama Ajansı Milas
Kataloglama Dili tur
Metne Dönüştürmek Ajansı TR-AnCHP
041 ## - DİL KODU
Metin / Ses Parça Veya Ayrı Başlığın Dil Kodu tur
082 ## - DEWEY ONLU SINIFLANDIRMA NUMARASI
Sınıflandırma Numarası 322.420956101543
Ürün Numarası İ74i 2004
090 ## - SINIFLAMA NUMARASI
Sınıflama Numarası 322.420956101543 İ74i 2004
100 ## - ANA GİRİŞ - KİŞİSEL İSİM
Kişisel Ad İslamoğlu, Abdullah
245 ## - BAŞLIK TABLOSU
Başlık II. Meşrutiyet döneminde siyasal muhalefet
Başlığın Kalan 1908-1913
Sorumluluk Tablosu, Vb Abdullah İslamoğlu
246 ## - UNVAN FORM VARYING
Başlık Doğru / Kısa Başlığı 1908-1913
260 ## - YAYIN, DAĞITIM, VB
Yayın, Dağıtım, Vb Yeri İstanbul
Yayıncı, Dağıtıcı, Vs Adı Gökkube Yayınları
Yayın, Dağıtım, Vb Tarihi 2004
300 ## - FİZİKSEL TANIM
Kapsam 201 s.
Boyutlar 23 sm.
490 ## - SERİSİ TABLOSU
Seri Beyanı Türk Tarihi
Hacim / Ardışık Tanımı 1
504 ## - KAYNAKÇA VB NOT
Kaynakça Vb Notu Kaynakça ve dizin var.
650 ## - KONU KATMA GİRİŞ - TOPİKAL DÖNEM
Topikal Süreli Veya Coğrafi Ad Giriş Elemanı Osmanlı İmparatorluğu
Genel Alt Bölümü Tarih
Kronolojik Alt Bölümü II. Meşrutiyet Dönemi
650 ## - KONU KATMA GİRİŞ - TOPİKAL DÖNEM
Topikal Süreli Veya Coğrafi Ad Giriş Elemanı Osmanlı İmparatorluğu
Genel Alt Bölümü Siyaset ve yönetim
Kronolojik Alt Bölümü II. Meşrutiyet Dönemi
650 ## - KONU KATMA GİRİŞ - TOPİKAL DÖNEM
Topikal Süreli Veya Coğrafi Ad Giriş Elemanı II. Meşrutiyet Dönemi
Genel Alt Bölümü Siyaset ve hükümet
Kronolojik Alt Bölümü Yönetim
942 ## - EKLENDİ GİRİŞ ELEMANLARI (KOHA)
Sınıflandırma Veya Raf Düzeni Kaynak Dewey Decimal Classification
Koha Öğesi Türü Books
999 ## - SİSTEM KONTROL NUMARALARI (KOHA)
Koha Biblionumber 8316
Koha Biblioitemnumber 8316
Holdings
Kalıcı Konum Mevcut Konum Edinme Tarihi Edinim Kaynak Toplam Check-Out'Lar Tam Çağrı Numarası Barkod Tarih Son Görülme İtibaren Geçerli Fiyatlar Koha Öğesi Türü
CHP Kütüphanesi CHP Kütüphanesi 09/04/2016 Bağış   322.420956101543 İ74i 2004 003267 09/04/2016 09/04/2016 Books